| Tag |
First Indicator |
Second Indicator |
Subfields |
| LEADER |
00000cam a2200000 4500 |
| 001 |
in00000080211 |
| 005 |
20151008060855.0 |
| 008 |
790122s1948 gw 00000 ger d |
| 010 |
|
|
|a a 49001926
|
| 035 |
|
|
|a (OCoLC)04573768
|
| 035 |
|
|
|9 AAJ6786AM
|
| 040 |
|
|
|a CLE
|c CLE
|d m.c.
|d TXA
|d UtOrBLW
|
| 049 |
|
|
|a TXAM
|c 1 [1125154], 2 [266068]
|
| 090 |
|
|
|a PT2374.Z4
|b B6 1948a
|
| 100 |
1 |
|
|a Boeschenstein, Hermann,
|d 1900-1982.
|
| 245 |
1 |
0 |
|a Gottfried Keller ;
|b Grundzuge seines Lebens und Werkes.
|
| 264 |
|
1 |
|a Bern :
|b P. Haupt,
|c 1948.
|
| 300 |
|
|
|a 178 pages
|
| 336 |
|
|
|a text
|b txt
|2 rdacontent
|
| 337 |
|
|
|a unmediated
|b n
|2 rdamedia
|
| 338 |
|
|
|a volume
|b nc
|2 rdacarrier
|
| 600 |
1 |
0 |
|a Keller, Gottfried,
|d 1819-1890.
|
| 999 |
|
|
|a MARS
|
| 999 |
f |
f |
|s aaf03182-3346-3a03-a2b9-a69ecadd8250
|i 2bcc3c78-43df-38b5-879d-db1ea1b66738
|t 0
|
| 952 |
f |
f |
|p ric
|a Texas A&M University
|b Rellis Campus
|c Joint Library Facility
|d Remote Storage
|t 0
|e PT2374.Z4 B6 1948a
|h Library of Congress classification
|i unmediated -- volume
|m A14806194260
|
| 952 |
f |
f |
|p normal
|a Texas A&M University
|b College Station
|c Sterling C. Evans Library
|d Evans: Library Stacks
|t 0
|e PT2374.Z4 B6 1948a
|h Library of Congress classification
|i unmediated -- volume
|m A14804156567
|
| 998 |
f |
f |
|a PT2374.Z4 B6 1948a
|t 0
|l Evans: Library Stacks
|
| 998 |
f |
f |
|a PT2374.Z4 B6 1948a
|t 0
|l Remote Storage
|